00335nam a22001337a 4500003000500000005001700005008004100022020002800063040000900091082001000100100002600110245003000136300003500166ASAB20170215122609.0170215b xxu||||| |||| 00| 0 eng d a0121112322 (alk. paper) cASAB a612.4 aBolander, Franklyn F. amolecular endocrinology / aviii, 632 p. :bill. ;c26 cm.